| 000 | 00784nam a2200205 4500 | ||
|---|---|---|---|
| 005 | 20240823114608.0 | ||
| 010 | _aENG-141389 | ||
| 020 |
_a9789384692087 _c400.00 |
||
| 035 | _aEN-124921 | ||
| 037 | _bDBAD | ||
| 082 | _a632.1 | ||
| 100 |
_aElumalai, S. _970477 |
||
| 245 |
_aMolecular Studies of Carbon Dioxide (CO2) Capture and Sequestration (CCS)/ _cBy S. Elumalai [and] G. Jegan |
||
| 260 |
_aChennai _bDigital age publishers _c2018 |
||
| 270 |
_a26,Vedantham colony,2nd cross street, _bChennai , Tamilnadu _e600047 _k9551891745, 9941535005 _mdigitalagepublishers@gmail.com |
||
| 300 |
_axxi,140p. _c24cm(pb) |
||
| 500 | _aBy Microalgae from Selected Thermal Power Stations in India | ||
| 700 |
_aJegan, G. _eAuthor _970471 |
||
| 942 |
_2ddc _cEN _h6321.1 _mELU |
||
| 999 |
_c205235 _d205235 |
||